[Event "Teplice Open 2019"]
[Site "Teplice"]
[Date "2019.06.21"]
[Round "7.14"]
[White "Greenfeld, Alon"]
[Black "Mazur, Stefan"]
[Result "1-0"]
[WhiteElo "2513"]
[BlackElo "2426"]
[Annotator "ChessBase"]
[PlyCount "75"]
[EventDate "2019.06.15"]
[EventType "swiss"]
[EventCountry "CZE"]
[SourceTitle "playchess.com"]
[Source "ChessBase"]
[SourceQuality "1"]
[TimeControl "40/5400+30:1800+30"]

1. d4 {[%emt 0:04:48]} Nf6 {[%emt 0:00:00]} 2. c4 {[%emt 0:00:22]} g6 {[%emt 0:00:00]} 3. g3 {[%emt 0:00:55]} Bg7 {[%emt 0:00:10]} 4. Bg2 {[%emt 0:00:23]} O-O {[%emt 0:00:17]} 5. Nc3 {[%emt 0:00:28]} d6 {[%emt 0:00:17]} 6. Nf3 {[%emt 0:00:24]} Nc6 {[%emt 0:00:13]} 7. O-O {[%emt 0:00:28]} e5 {[%emt 0:00:27]} 8. dxe5 {[%emt 0:03:59]} dxe5 {[%emt 0:00:14]} 9. Bg5 {[%emt 0:01:55]} Be6 {[%emt 0:00:12]} 10. Qc1 {[%emt 0:00:27]} Qe8 {[%emt 0:00:30]} 11. Nd2 {[%emt 0:20:09]} h6 {[%emt 0:13:17]} 12. Bxf6 {[%emt 0:05:13]} Bxf6 {[%emt 0:00:06]} 13. Nd5 {[%emt 0:07:10]} Bd8 {[%emt 0:02:13]} 14. Nb3 {[%emt 0:08:08]} Kg7 {[%emt 0:02:42]} 15. Qc3 {[%emt 0:01:05]} f6 {[%emt 0:07:11]} 16. e3 {[%emt 0:05:40]} Bc8 {[%emt 0:04:32]} 17. Nc5 {[%emt 0:06:46]} Ne7 {[%emt 0:05:36]} 18. f4 {[%emt 0:03:18]} Nf5 {[%emt 0:04:12]} 19. Ne4 {[%emt 0:10:25]} c6 {[%emt 0:06:33]} 20. Nb4 {[%emt 0:00:22]} Bc7 {[%emt 0:02:31]} 21. Rae1 {[%emt 0:01:25]} Nd6 {[%emt 0:08:10]} 22. Nxf6 {[%emt 0:04:20]} Rxf6 {[%emt 0:01:50]} 23. fxe5 {[%emt 0:00:06]} Rxf1+ {[%emt 0:00:56]} 24. Rxf1 {[%emt 0:00:08]} Nf5 {[%emt 0:02:18]} 25. e6+ {[%emt 0:02:05]} Kg8 {[%emt 0:01:14]} 26. e4 {[%emt 0:05:34]} Ng7 {[%emt 0:04:40]} 27. Nd5 {[%emt 0:00:28]} cxd5 {[%emt 0:00:18]} 28. exd5 {[%emt 0:00:09]} Bxe6 {[%emt 0:24:02]} 29. dxe6 {[%emt 0:00:28]} Qe7 {[%emt 0:00:05]} 30. Rf7 {[%emt 0:03:10]} Qc5+ {[%emt 0:00:05]} 31. Kh1 {[%emt 0:00:07]} Qe5 {[%emt 0:02:31]} 32. Qxe5 {[%emt 0:00:44]} Bxe5 {[%emt 0:00:54]} 33. Rxb7 {[%emt 0:01:28]} Re8 {[%emt 0:05:28]} 34. Bc6 {[%emt 0:00:15]} Rb8 {[%emt 0:01:52]} 35. Rxa7 {[%emt 0:00:34]} Nf5 {[%emt 0:01:15]} 36. Bd5 {[%emt 0:02:12]} Bf6 {[%emt 0:00:33]} 37. Rf7 {[%emt 0:00:50]} Bg5 {[%emt 0:00:34]} 38. e7 {[%emt 0:00:37]} 1-0

[Event "Teplice Open 2019"]
[Site "Teplice"]
[Date "2019.06.21"]
[Round "7.15"]
[White "Salomon, Johan"]
[Black "Hollan, Petr"]
[Result "1-0"]
[WhiteElo "2509"]
[BlackElo "2261"]
[Annotator "ChessBase"]
[PlyCount "95"]
[EventDate "2019.06.15"]
[EventType "swiss"]
[EventCountry "CZE"]
[SourceTitle "playchess.com"]
[Source "ChessBase"]
[SourceQuality "1"]
[TimeControl "40/5400+30:1800+30"]

1. c4 {[%emt 0:00:00]} Nf6 {[%emt 0:00:00]} 2. Nc3 {[%emt 0:00:00]} g6 {[%emt 0:00:00]} 3. e4 {[%emt 0:00:00]} d6 {[%emt 0:00:05]} 4. d4 {[%emt 0:00:00]} Bg7 {[%emt 0:00:05]} 5. h3 {[%emt 0:00:08]} O-O {[%emt 0:00:09]} 6. Be3 {[%emt 0:00:04]} e5 {[%emt 0:01:16]} 7. d5 {[%emt 0:00:13]} Nfd7 {[%emt 0:00:49]} 8. g4 {[%emt 0:02:30]} Nb6 {[%emt 0:07:43]} 9. Nf3 {[%emt 0:03:45]} c6 {[%emt 0:01:06]} 10. Rg1 {[%emt 0:13:10]} Na6 {[%emt 0:18:02]} 11. Be2 {[%emt 0:04:43]} cxd5 {[%emt 0:02:46]} 12. cxd5 {[%emt 0:01:10]} Bd7 {[%emt 0:00:08]} 13. a4 {[%emt 0:02:56]} Rc8 {[%emt 0:08:24]} 14. Nd2 {[%emt 0:00:43]} Nc5 {[%emt 0:03:54]} 15. a5 {[%emt 0:03:44]} Na8 {[%emt 0:03:21]} 16. Nc4 {[%emt 0:01:38]} Qc7 {[%emt 0:09:56]} 17. b4 {[%emt 0:06:35]} Na6 {[%emt 0:00:56]} 18. Qb3 {[%emt 0:00:34]} Qb8 {[%emt 0:02:33]} 19. h4 {[%emt 0:05:35]} Rfe8 {[%emt 0:01:19]} 20. g5 {[%emt 0:01:08]} Bf8 {[%emt 0:00:50]} 21. h5 {[%emt 0:02:32]} N8c7 {[%emt 0:03:42]} 22. b5 {[%emt 0:02:56]} Nc5 {[%emt 0:00:22]} 23. Bxc5 {[%emt 0:00:34]} dxc5 {[%emt 0:00:01]} 24. hxg6 {[%emt 0:02:06]} fxg6 {[%emt 0:00:55]} 25. b6 {[%emt 0:08:37]} Na6 {[%emt 0:10:52]} 26. bxa7 {[%emt 0:00:13]} Qxa7 {[%emt 0:00:07]} 27. Nb6 {[%emt 0:00:16]} c4 {[%emt 0:00:50]} 28. Bxc4 {[%emt 0:01:13]} Nc5 {[%emt 0:01:48]} 29. d6+ {[%emt 0:03:59]} Kh8 {[%emt 0:01:05]} 30. Qd1 {[%emt 0:01:24]} Rc6 {[%emt 0:04:07]} 31. Nb5 {[%emt 0:03:35]} Qb8 {[%emt 0:00:21]} 32. Qf3 {[%emt 0:01:42]} Bg7 {[%emt 0:08:47]} 33. Rh1 {[%emt 0:01:28]} Be6 {[%emt 0:00:33]} 34. Bd5 {[%emt 0:04:08]} Rf8 {[%emt 0:03:55]} 35. Qe3 {[%emt 0:00:48]} Rf4 {[%emt 0:04:45]} 36. Bxc6 {[%emt 0:02:27]} bxc6 {[%emt 0:00:03]} 37. Qxc5 {[%emt 0:01:18]} Rxe4+ {[%emt 0:00:13]} 38. Kf1 {[%emt 0:00:47]} Qf8 {[%emt 0:01:37]} 39. Ra3 {[%emt 0:03:40]} cxb5 {[%emt 0:00:21]} 40. a6 {[%emt 0:02:37]} Bc4+ {[%emt 0:00:00]} 41. Nxc4 {[%emt 0:00:00]} Rxc4 {[%emt 0:04:33]} 42. Qd5 {[%emt 0:10:22]} Rc1+ {[%emt 0:04:15]} 43. Kg2 {[%emt 0:00:20]} Rxh1 {[%emt 0:00:07]} 44. Rf3 {[%emt 0:00:36]} Qc8 {[%emt 0:01:19]} 45. d7 {[%emt 0:02:08]} Rg1+ {[%emt 0:00:08]} 46. Kxg1 {[%emt 0:00:07]} Qc1+ {[%emt 0:00:04]} 47. Kh2 {[%emt 0:00:11]} Qg1+ {[%emt 0:00:05]} 48. Kxg1 {[%emt 0:00:06]} 1-0

[Event "Teplice Open 2019"]
[Site "Teplice"]
[Date "2019.06.21"]
[Round "7.16"]
[White "Georgescu, Lena"]
[Black "Ali Marandi, Cemil Can"]
[Result "0-1"]
[WhiteElo "2200"]
[BlackElo "2520"]
[Annotator "ChessBase"]
[PlyCount "54"]
[EventDate "2019.06.15"]
[EventType "swiss"]
[EventCountry "CZE"]
[SourceTitle "playchess.com"]
[Source "ChessBase"]
[SourceQuality "1"]
[TimeControl "40/5400+30:1800+30"]

1. e4 {[%emt 0:00:00]} e6 {[%emt 0:00:00]} 2. d4 {[%emt 0:00:00]} d5 {[%emt 0:00:00]} 3. Nc3 {[%emt 0:00:00]} Nc6 {[%emt 0:00:00]} 4. Nf3 {[%emt 0:00:00]} Nf6 {[%emt 0:01:33]} 5. Bd3 {[%emt 0:00:22]} Nb4 {[%emt 0:01:21]} 6. Bg5 {[%emt 0:01:32]} dxe4 {[%emt 0:00:56]} 7. Nxe4 {[%emt 0:01:24]} Be7 {[%emt 0:00:19]} 8. Nxf6+ {[%emt 0:13:43]} gxf6 {[%emt 0:01:24]} 9. Bh4 {[%emt 0:01:37]} Nxd3+ {[%emt 0:04:51]} 10. Qxd3 {[%emt 0:00:10]} Qd5 {[%emt 0:00:10]} 11. O-O {[%emt 0:02:57]} Bd7 {[%emt 0:03:18]} 12. c4 {[%emt 0:00:45]} Qh5 {[%emt 0:01:29]} 13. Bg3 {[%emt 0:03:58]} O-O-O {[%emt 0:00:24]} 14. Rfd1 {[%emt 0:05:06]} Rhe8 {[%emt 0:18:12]} 15. Qe3 {[%emt 0:04:55]} Kb8 {[%emt 0:01:19]} 16. d5 {[%emt 0:10:23]} e5 {[%emt 0:08:20]} 17. Nd2 {[%emt 0:11:19]} Qg6 {[%emt 0:05:37]} 18. c5 {[%emt 0:05:19]} Bg4 {[%emt 0:01:34]} 19. f3 {[%emt 0:08:41]} Rxd5 {[%emt 0:00:45]} 20. Ne4 {[%emt 0:01:19]} Be6 {[%emt 0:02:07]} 21. Rxd5 {[%emt 0:00:23]} Bxd5 {[%emt 0:00:07]} 22. Nc3 {[%emt 0:00:15]} Rd8 {[%emt 0:02:02]} 23. Rd1 {[%emt 0:02:21]} Qc2 {[%emt 0:01:48]} 24. b4 {[%emt 0:07:53]} Be6 {[%emt 0:06:42]} 25. Rxd8+ {[%emt 0:00:32]} Bxd8 {[%emt 0:00:02]} 26. h3 {[%emt 0:00:46]} Be7 {[%emt 0:01:39]} 27. Kh2 {[%emt 0:00:37]} Qb2 {[%emt 0:03:25]} 0-1

[Event "Teplice Open 2019"]
[Site "Teplice"]
[Date "2019.06.21"]
[Round "7.17"]
[White "Eden, James"]
[Black "Tari, Aryan"]
[Result "0-1"]
[WhiteElo "2346"]
[BlackElo "2623"]
[Annotator "ChessBase"]
[PlyCount "77"]
[EventDate "2019.06.15"]
[EventType "swiss"]
[EventCountry "CZE"]
[SourceTitle "playchess.com"]
[Source "ChessBase"]
[SourceQuality "1"]
[TimeControl "40/5400+30:1800+30"]

1. e4 {[%emt 0:00:00]} c5 {[%emt 0:00:00]} 2. c3 {[%emt 0:00:24]} Nf6 {[%emt 0:00:00]} 3. e5 {[%emt 0:00:07]} Nd5 {[%emt 0:00:02]} 4. d4 {[%emt 0:00:22]} cxd4 {[%emt 0:00:11]} 5. Nf3 {[%emt 0:00:08]} Nc6 {[%emt 0:00:12]} 6. cxd4 {[%emt 0:00:08]} d6 {[%emt 0:00:07]} 7. Bc4 {[%emt 0:00:07]} Nb6 {[%emt 0:00:18]} 8. Bb3 {[%emt 0:01:00]} dxe5 {[%emt 0:00:34]} 9. d5 {[%emt 0:00:28]} Na5 {[%emt 0:00:19]} 10. Nc3 {[%emt 0:00:14]} Nxb3 {[%emt 0:08:20]} 11. Qxb3 {[%emt 0:01:55]} f6 {[%emt 0:00:07]} 12. Be3 {[%emt 0:01:56]} Bd7 {[%emt 0:11:01]} 13. O-O {[%emt 0:07:42]} g6 {[%emt 0:01:12]} 14. Rfd1 {[%emt 0:08:49]} Bg7 {[%emt 0:01:57]} 15. d6 {[%emt 0:01:27]} e6 {[%emt 0:03:22]} 16. Nb5 {[%emt 0:02:08]} Kf7 {[%emt 0:15:42]} 17. Nc7 {[%emt 0:03:59]} Rc8 {[%emt 0:00:47]} 18. a4 {[%emt 0:09:24]} Na8 {[%emt 0:12:09]} 19. Bxa7 {[%emt 0:05:19]} Nxc7 {[%emt 0:00:45]} 20. Bb6 {[%emt 0:22:17]} Bc6 {[%emt 0:03:21]} 21. dxc7 {[%emt 0:01:14]} Qe7 {[%emt 0:00:06]} 22. a5 {[%emt 0:01:15]} e4 {[%emt 0:08:02]} 23. Nd4 {[%emt 0:04:49]} Bd5 {[%emt 0:00:06]} 24. Qc2 {[%emt 0:00:32]} Qd7 {[%emt 0:01:17]} 25. Ne2 {[%emt 0:05:26]} Qc6 {[%emt 0:02:31]} 26. Qd2 {[%emt 0:01:49]} Bf8 {[%emt 0:01:23]} 27. Nc3 {[%emt 0:01:43]} Bb3 {[%emt 0:00:41]} 28. Qd7+ {[%emt 0:02:59]} Be7 {[%emt 0:00:19]} 29. Nb5 {[%emt 0:04:53]} Bxd1 {[%emt 0:05:52]} 30. Rxd1 {[%emt 0:00:42]} Qxd7 {[%emt 0:02:42]} 31. Rxd7 {[%emt 0:00:08]} e5 {[%emt 0:01:46]} 32. Bc5 {[%emt 0:04:57]} Rhe8 {[%emt 0:00:01]} 33. Bb6 {[%emt 0:06:04]} Ke6 {[%emt 0:00:44]} 34. Rd1 {[%emt 0:00:16]} f5 {[%emt 0:01:39]} 35. Kf1 {[%emt 0:00:20]} Ra8 {[%emt 0:02:04]} 36. Ke2 {[%emt 0:01:29]} h5 {[%emt 0:01:42]} 37. Rd2 {[%emt 0:00:55]} Bb4 {[%emt 0:01:33]} 38. Rc2 {[%emt 0:00:14]} Bxa5 {[%emt 0:01:06]} 39. c8=Q+ {[%emt 0:00:00] Rd8 Qxa8 Rxa8 Rc8 Rxc8 Bxa5 Rc5 Nc7+ Kd7} 0-1

[Event "Teplice Open 2019"]
[Site "Teplice"]
[Date "2019.06.21"]
[Round "7.18"]
[White "Czerw, Dawid"]
[Black "Krzyzanowski, Marcin"]
[Result "1/2-1/2"]
[WhiteElo "2317"]
[BlackElo "2510"]
[Annotator "ChessBase"]
[PlyCount "61"]
[EventDate "2019.06.15"]
[EventType "swiss"]
[EventCountry "CZE"]
[SourceTitle "playchess.com"]
[Source "ChessBase"]
[SourceQuality "1"]
[TimeControl "40/5400+30:1800+30"]

1. d4 {[%emt 0:00:00]} Nf6 {[%emt 0:00:00]} 2. c4 {[%emt 0:00:00]} c5 {[%emt 0:00:00]} 3. d5 {[%emt 0:00:00]} g6 {[%emt 0:00:00]} 4. Nc3 {[%emt 0:00:07]} Bg7 {[%emt 0:00:00]} 5. e4 {[%emt 0:00:27]} d6 {[%emt 0:00:00]} 6. Bd3 {[%emt 0:01:00]} e6 {[%emt 0:01:50]} 7. h3 {[%emt 0:01:22]} O-O {[%emt 0:00:06]} 8. Nf3 {[%emt 0:00:06]} Na6 {[%emt 0:00:03]} 9. O-O {[%emt 0:01:35]} Nc7 {[%emt 0:00:09]} 10. dxe6 {[%emt 0:08:02]} Bxe6 {[%emt 0:01:15]} 11. Be3 {[%emt 0:03:00]} Re8 {[%emt 0:16:35]} 12. Qd2 {[%emt 0:01:46]} Rb8 {[%emt 0:02:36]} 13. Rad1 {[%emt 0:05:09]} Bd7 {[%emt 0:12:43]} 14. Bc2 {[%emt 0:03:31]} Be6 {[%emt 0:09:14]} 15. Bd3 {[%emt 0:07:44]} a6 {[%emt 0:03:10]} 16. a4 {[%emt 0:01:39]} b5 {[%emt 0:04:16]} 17. axb5 {[%emt 0:01:01]} axb5 {[%emt 0:00:04]} 18. cxb5 {[%emt 0:01:15]} Bb3 {[%emt 0:05:34]} 19. Bc2 {[%emt 0:02:08]} Bxc2 {[%emt 0:02:10]} 20. Qxc2 {[%emt 0:00:48]} Qe7 {[%emt 0:01:21]} 21. Qd3 {[%emt 0:08:17]} Nxe4 {[%emt 0:03:05]} 22. Nxe4 {[%emt 0:01:21]} Qxe4 {[%emt 0:00:07]} 23. Qxe4 {[%emt 0:03:49]} Rxe4 {[%emt 0:00:06]} 24. Rxd6 {[%emt 0:00:11]} Nxb5 {[%emt 0:03:03]} 25. Rc6 {[%emt 0:02:35]} Nd4 {[%emt 0:05:27]} 26. Rxc5 {[%emt 0:06:30]} Nxf3+ {[%emt 0:16:34]} 27. gxf3 {[%emt 0:00:06]} Ree8 {[%emt 0:00:14]} 28. Rc2 {[%emt 0:04:13]} Rxb2 {[%emt 0:01:31]} 29. Rxb2 {[%emt 0:00:05]} Bxb2 {[%emt 0:00:04]} 30. Rb1 {[%emt 0:00:32]} Bg7 {[%emt 0:00:18]} 31. Rb7 {[%emt 0:00:28]} 1/2-1/2

[Event "Teplice Open 2019"]
[Site "Teplice"]
[Date "2019.06.21"]
[Round "7.19"]
[White "Leisch, Lukas"]
[Black "Loiseau, Quentin"]
[Result "1/2-1/2"]
[WhiteElo "2341"]
[BlackElo "2471"]
[Annotator "ChessBase"]
[PlyCount "108"]
[EventDate "2019.06.15"]
[EventType "swiss"]
[EventCountry "CZE"]
[SourceTitle "playchess.com"]
[Source "ChessBase"]
[SourceQuality "1"]
[TimeControl "40/5400+30:1800+30"]

1. e4 {[%emt 0:00:00]} e5 {[%emt 0:01:19]} 2. Nf3 {[%emt 0:00:00]} Nc6 {[%emt 0:00:05]} 3. Bc4 {[%emt 0:00:00]} Nf6 {[%emt 0:01:33]} 4. d3 {[%emt 0:00:08]} Bc5 {[%emt 0:01:07]} 5. O-O {[%emt 0:00:19]} d6 {[%emt 0:00:43]} 6. c3 {[%emt 0:00:49]} a6 {[%emt 0:05:20]} 7. a4 {[%emt 0:00:32]} Ba7 {[%emt 0:02:12]} 8. Na3 {[%emt 0:01:59]} Ne7 {[%emt 0:06:08]} 9. Nc2 {[%emt 0:05:20]} c6 {[%emt 0:05:17]} 10. Ba2 {[%emt 0:03:38]} h6 {[%emt 0:05:27]} 11. Be3 {[%emt 0:02:58]} Bb8 {[%emt 0:00:48]} 12. d4 {[%emt 0:03:48]} Nxe4 {[%emt 0:03:55]} 13. dxe5 {[%emt 0:00:38]} O-O {[%emt 0:05:02]} 14. exd6 {[%emt 0:06:36]} Bxd6 {[%emt 0:01:25]} 15. a5 {[%emt 0:02:31]} Bg4 {[%emt 0:03:59]} 16. h3 {[%emt 0:03:40]} Bh5 {[%emt 0:01:41]} 17. Qe2 {[%emt 0:07:45]} Bb8 {[%emt 0:19:54]} 18. Rfd1 {[%emt 0:13:49]} Qc7 {[%emt 0:02:40]} 19. g4 {[%emt 0:01:40]} Bg6 {[%emt 0:01:58]} 20. Bb6 {[%emt 0:03:10]} Qf4 {[%emt 0:01:18]} 21. Be3 {[%emt 0:19:13]} Ng3 {[%emt 0:01:12]} 22. fxg3 {[%emt 0:00:22]} Qxg3+ {[%emt 0:00:01]} 23. Qg2 {[%emt 0:01:22]} Qxg2+ {[%emt 0:03:59]} 24. Kxg2 {[%emt 0:00:06]} Bxc2 {[%emt 0:00:04]} 25. Rd7 {[%emt 0:00:57]} Nd5 {[%emt 0:02:24]} 26. Bxd5 {[%emt 0:02:09]} cxd5 {[%emt 0:01:12]} 27. Rxb7 {[%emt 0:01:28]} Be4 {[%emt 0:00:07]} 28. Bd4 {[%emt 0:00:59]} Bf4 {[%emt 0:00:42]} 29. Rf1 {[%emt 0:03:08]} Rfb8 {[%emt 0:01:13]} 30. Rxb8+ {[%emt 0:01:20]} Rxb8 {[%emt 0:00:01]} 31. b4 {[%emt 0:00:15]} f6 {[%emt 0:01:54]} 32. Kg1 {[%emt 0:01:16]} Rc8 {[%emt 0:06:14]} 33. Kf2 {[%emt 0:03:04]} Kf7 {[%emt 0:02:29]} 34. Ra1 {[%emt 0:00:15]} Bd3 {[%emt 0:01:04]} 35. Rd1 {[%emt 0:01:04]} Bb5 {[%emt 0:01:32]} 36. Bc5 {[%emt 0:01:35]} Bc4 {[%emt 0:02:58]} 37. Nd2 {[%emt 0:01:35]} Bb5 {[%emt 0:01:12]} 38. Nf3 {[%emt 0:00:06]} Bc4 {[%emt 0:02:31]} 39. Nd2 {[%emt 0:00:06]} Bxd2 {[%emt 0:01:38]} 40. Rxd2 {[%emt 0:00:09]} Re8 {[%emt 0:00:04]} 41. Be3 {[%emt 0:32:15]} Re5 {[%emt 0:33:10]} 42. Rd1 {[%emt 0:03:25]} h5 {[%emt 0:01:50]} 43. Re1 {[%emt 0:01:07]} hxg4 {[%emt 0:00:00]} 44. hxg4 {[%emt 0:00:00]} Re4 {[%emt 0:00:00]} 45. Kf3 {[%emt 0:00:00]} Re8 {[%emt 0:00:00]} 46. Bf2 {[%emt 0:00:00]} Rh8 {[%emt 0:00:00]} 47. Kg3 {[%emt 0:00:00]} g5 {[%emt 0:00:00]} 48. Bc5 {[%emt 0:00:00]} Rh4 {[%emt 0:00:00]} 49. Re7+ {[%emt 0:00:00]} Kg6 {[%emt 0:00:00]} 50. Bd4 {[%emt 0:00:00]} Rh1 {[%emt 0:00:00]} 51. Kg2 {[%emt 0:00:00]} Rf1 {[%emt 0:00:00]} 52. Re3 {[%emt 0:00:00]} Rf4 {[%emt 0:00:00]} 53. Kg3 {[%emt 0:00:00]} Bb5 {[%emt 0:00:00]} 54. Rf3 {[%emt 0:00:00]} Rxf3+ {[%emt 0:00:00]} 1/2-1/2

[Event "Teplice Open 2019"]
[Site "Teplice"]
[Date "2019.06.21"]
[Round "7.20"]
[White "Abdumalik, Zhansaya"]
[Black "Risting, Eivind Olav"]
[Result "1/2-1/2"]
[WhiteElo "2464"]
[BlackElo "2357"]
[Annotator "ChessBase"]
[PlyCount "95"]
[EventDate "2019.06.15"]
[EventType "swiss"]
[EventCountry "CZE"]
[SourceTitle "playchess.com"]
[Source "ChessBase"]
[SourceQuality "1"]
[TimeControl "40/5400+30:1800+30"]

1. e4 {[%emt 0:00:00]} c6 {[%emt 0:00:00]} 2. d4 {[%emt 0:00:00]} d5 {[%emt 0:00:08]} 3. Nd2 {[%emt 0:00:08]} dxe4 {[%emt 0:00:12]} 4. Nxe4 {[%emt 0:00:03]} Bf5 {[%emt 0:01:01]} 5. Ng3 {[%emt 0:01:35]} Bg6 {[%emt 0:00:23]} 6. h4 {[%emt 0:00:16]} h6 {[%emt 0:00:21]} 7. Nf3 {[%emt 0:00:22]} Nd7 {[%emt 0:01:52]} 8. h5 {[%emt 0:00:36]} Bh7 {[%emt 0:00:07]} 9. Bd3 {[%emt 0:00:04]} Bxd3 {[%emt 0:00:13]} 10. Qxd3 {[%emt 0:00:07]} e6 {[%emt 0:00:48]} 11. Bd2 {[%emt 0:00:35]} Ngf6 {[%emt 0:00:55]} 12. O-O-O {[%emt 0:00:43]} Be7 {[%emt 0:00:59]} 13. Ne4 {[%emt 0:01:07]} O-O {[%emt 0:06:07]} 14. Kb1 {[%emt 0:00:38]} c5 {[%emt 0:02:21]} 15. g4 {[%emt 0:02:18]} Nxg4 {[%emt 0:20:56]} 16. Qe2 {[%emt 0:02:15]} Qb6 {[%emt 0:02:45]} 17. Ne5 {[%emt 0:04:38]} Ndxe5 {[%emt 0:06:15]} 18. dxe5 {[%emt 0:00:37]} f5 {[%emt 0:02:19]} 19. exf6 {[%emt 0:00:41]} Nxf6 {[%emt 0:00:14]} 20. Rhg1 {[%emt 0:04:23]} Nxe4 {[%emt 0:15:38]} 21. Qxe4 {[%emt 0:00:14]} Bf6 {[%emt 0:01:17]} 22. b3 {[%emt 0:00:23]} Rad8 {[%emt 0:02:57]} 23. Bxh6 {[%emt 0:00:39]} Rxd1+ {[%emt 0:01:54]} 24. Rxd1 {[%emt 0:00:06]} Qb4 {[%emt 0:05:07]} 25. Qxb4 {[%emt 0:01:19]} cxb4 {[%emt 0:00:06]} 26. Be3 {[%emt 0:00:05]} b6 {[%emt 0:02:27]} 27. Kc1 {[%emt 0:02:06]} Bc3 {[%emt 0:10:12]} 28. Rd6 {[%emt 0:04:04]} Rf5 {[%emt 0:05:12]} 29. h6 {[%emt 0:12:15]} gxh6 {[%emt 0:00:51]} 30. Rxe6 {[%emt 0:00:45]} h5 {[%emt 0:02:00]} 31. Kd1 {[%emt 0:10:42]} Kf7 {[%emt 0:03:06]} 32. Rc6 {[%emt 0:04:15]} Ra5 {[%emt 0:01:01]} 33. a4 {[%emt 0:00:58]} bxa3 {[%emt 0:02:09]} 34. Rxc3 {[%emt 0:00:06]} a2 {[%emt 0:00:05]} 35. Rc7+ {[%emt 0:00:05]} Ke6 {[%emt 0:00:26]} 36. Bd4 {[%emt 0:00:03]} a1=Q+ {[%emt 0:00:10]} 37. Bxa1 {[%emt 0:00:02]} Rxa1+ {[%emt 0:00:10]} 38. Ke2 {[%emt 0:00:55]} Ra5 {[%emt 0:00:31]} 39. Kf3 {[%emt 0:01:08]} Kf5 {[%emt 0:02:19]} 40. b4 {[%emt 0:02:31]} Ra4 {[%emt 0:00:40]} 41. c3 {[%emt 0:30:34]} Ra3 {[%emt 0:32:03]} 42. Kg2 {[%emt 0:01:29]} a5 {[%emt 0:00:51]} 43. Rc6 {[%emt 0:04:16]} a4 {[%emt 0:00:00]} 44. c4 {[%emt 0:00:00]} Rc3 {[%emt 0:00:00]} 45. b5 {[%emt 0:00:00]} a3 {[%emt 0:00:00]} 46. Rxb6 {[%emt 0:00:00]} Rxc4 {[%emt 0:00:00]} 47. Ra6 {[%emt 0:00:00]} Rb4 {[%emt 0:00:00]} 48. Rxa3 {[%emt 0:00:00]} 1/2-1/2

[Event "Teplice Open 2019"]
[Site "Teplice"]
[Date "2019.06.21"]
[Round "7.21"]
[White "Song, Raymond"]
[Black "Hutois, Mickael"]
[Result "1-0"]
[WhiteElo "2450"]
[BlackElo "2296"]
[Annotator "ChessBase"]
[PlyCount "51"]
[EventDate "2019.06.15"]
[EventType "swiss"]
[EventCountry "CZE"]
[SourceTitle "playchess.com"]
[Source "ChessBase"]
[SourceQuality "1"]
[TimeControl "40/5400+30:1800+30"]

1. d4 {[%emt 0:00:00]} Nf6 {[%emt 0:00:00]} 2. Bg5 {[%emt 0:00:00]} Ne4 {[%emt 0:00:00]} 3. Bf4 {[%emt 0:00:00]} d5 {[%emt 0:00:00]} 4. e3 {[%emt 0:00:00]} c5 {[%emt 0:00:04]} 5. Bd3 {[%emt 0:03:34]} Qb6 {[%emt 0:04:20]} 6. Bxe4 {[%emt 0:00:41]} dxe4 {[%emt 0:04:21]} 7. b3 {[%emt 0:08:23]} Bf5 {[%emt 0:02:44]} 8. Ne2 {[%emt 0:07:22]} Nc6 {[%emt 0:00:56]} 9. c3 {[%emt 0:06:07]} cxd4 {[%emt 0:17:25]} 10. exd4 {[%emt 0:02:14]} e5 {[%emt 0:00:24]} 11. dxe5 {[%emt 0:02:23]} Bc5 {[%emt 0:06:20]} 12. O-O {[%emt 0:01:11]} e3 {[%emt 0:00:51]} 13. fxe3 {[%emt 0:07:02]} Bxe3+ {[%emt 0:01:10]} 14. Kh1 {[%emt 0:00:11]} Bxb1 {[%emt 0:01:39]} 15. Qxb1 {[%emt 0:01:42]} O-O {[%emt 0:01:21]} 16. Bg3 {[%emt 0:03:50]} Rae8 {[%emt 0:10:15]} 17. Qe4 {[%emt 0:00:55]} Re7 {[%emt 0:00:46]} 18. Rad1 {[%emt 0:01:29]} Bh6 {[%emt 0:12:46]} 19. Nd4 {[%emt 0:01:33]} Rfe8 {[%emt 0:03:36]} 20. Nf5 {[%emt 0:00:40]} Re6 {[%emt 0:00:03]} 21. Nd6 {[%emt 0:03:43]} Rf8 {[%emt 0:01:27]} 22. Nxf7 {[%emt 0:02:00]} Rxf7 {[%emt 0:07:52]} 23. Rxf7 {[%emt 0:00:10]} Kxf7 {[%emt 0:04:20]} 24. Qf5+ {[%emt 0:00:07]} Ke7 {[%emt 0:00:03]} 25. Bh4+ {[%emt 0:00:04]} g5 {[%emt 0:00:22]} 26. Qxh7+ {[%emt 0:00:12]} 1-0

[Event "Teplice Open 2019"]
[Site "Teplice"]
[Date "2019.06.21"]
[Round "7.22"]
[White "Cawdery, Daniel"]
[Black "Gungl, Theo"]
[Result "1/2-1/2"]
[WhiteElo "2428"]
[BlackElo "2313"]
[Annotator "NA"]
[PlyCount "60"]
[EventDate "2019.06.15"]
[EventType "swiss"]
[EventCountry "CZE"]
[SourceTitle "playchess.com"]
[Source "ChessBase"]
[SourceQuality "1"]
[TimeControl "40/5400+30:1800+30"]

1. e4 {[%emt 0:00:00]} c5 {[%emt 0:00:00]} 2. Nf3 {[%emt 0:00:00]} d6 {[%emt 0:00:00]} 3. d4 {[%emt 0:00:13]} cxd4 {[%emt 0:00:00]} 4. Nxd4 {[%emt 0:00:11]} Nf6 {[%emt 0:00:00]} 5. Nc3 {[%emt 0:00:04]} a6 {[%emt 0:00:00]} 6. Bg5 {[%emt 0:00:20]} Nbd7 {[%emt 0:00:00]} 7. Qe2 {[%emt 0:00:43]} h6 {[%emt 0:00:26]} 8. Bh4 {[%emt 0:01:09]} g6 {[%emt 0:00:24]} 9. f4 {[%emt 0:00:59]} e5 {[%emt 0:00:33]} 10. fxe5 {[%emt 0:00:12]} dxe5 {[%emt 0:00:01]} 11. O-O-O {[%emt 0:00:08]} Qc7 {[%emt 0:00:13]} 12. Nb3 {[%emt 0:00:08]} b5 {[%emt 0:01:24]} 13. Nd5 {[%emt 0:00:27]} Nxd5 {[%emt 0:00:57]} 14. exd5 {[%emt 0:00:05]} Bd6 {[%emt 0:05:34]} 15. Qd2 {[%emt 0:01:08]} Kf8 {[%emt 0:17:23]} 16. g4 {[%emt 0:07:04]} Kg7 {[%emt 0:03:25]} 17. Kb1 {[%emt 0:02:24]} Nb6 {[%emt 0:07:25]} 18. Bd3 {[%emt 0:11:19]} Re8 {[%emt 0:15:37]} 19. Bf6+ {[%emt 0:21:31]} Kxf6 {[%emt 0:05:28]} 20. Qxh6 {[%emt 0:00:02]} Ke7 {[%emt 0:00:19]} 21. Rhf1 {[%emt 0:01:15]} Kd8 {[%emt 0:07:39]} 22. Qg7 {[%emt 0:04:53]} Ra7 {[%emt 0:14:24]} 23. Na5 {[%emt 0:00:35]} Nxd5 {[%emt 0:00:08]} 24. Rxf7 {[%emt 0:00:35]} Bd7 {[%emt 0:00:24]} 25. Qxg6 {[%emt 0:02:29]} Nf4 {[%emt 0:06:59]} 26. Qh6 {[%emt 0:06:43]} e4 {[%emt 0:04:50]} 27. Bf1 {[%emt 0:03:34]} Ne6 {[%emt 0:02:25]} 28. Qd2 {[%emt 0:02:45]} Be7 {[%emt 0:01:46]} 29. Bg2 {[%emt 0:04:02]} Nc5 {[%emt 0:01:33]} 30. g5 {[%emt 0:10:03]} Kc8 {[%emt 0:00:38]} 1/2-1/2